000 00252nam a22001097a 4500
082 _a658 TER'P
100 _aTERRY, GEORGE R
_958587
245 _aPRINCIPLES OF MANAGEMENT
260 _aILLINOIS
_bRICHARD D. IRWIN
_c1956
300 _a730P
942 _cBK
999 _c568751
_d568751